Ekonomický a menový vývoj Slovenska v roku 1994. 10

Z výročnej správy Národnej banky Slovenska za r. 1994. Hodnotenie vývoja na peňažnom a kapitálovom trhu SR.

Gespeichert in:
Bibliographische Detailangaben
Format: Buchkapitel
Sprache:Slowakisch
Schlagworte:
Tags: Tag hinzufügen
Keine Tags, Fügen Sie das erste Tag hinzu!

MARC

LEADER 00000naa a2200000 4500
001 r018635
005 20221205101815.2
041 0 |a slo 
044 |a SK 
245 1 0 |a Ekonomický a menový vývoj Slovenska v roku 1994. 10 
520 |a Z výročnej správy Národnej banky Slovenska za r. 1994. Hodnotenie vývoja na peňažnom a kapitálovom trhu SR. 
610 2 0 |a Slovensko 
610 2 0 |a 1994 
610 2 0 |a rast hospodársky 
610 2 0 |a správy výročné 
610 2 0 |a NBS Bratislava 
610 2 0 |a trh peňažný 
610 2 0 |a trh kapitálový